000 01291nam a22003977a 4500
003 CHAP
005 20220329141741.0
008 971013s1993 r 00010 d
010 _a73325
011 _a74297
035 _a83856
040 _cCHAP
082 _a633
_bM39 v.1-7
110 _aMéxico. Dirección General de Política Agrícola
_977030
245 _aSistema producto ajo
_b: datos básicos
260 _aMéxico, D. F. :
_bLa Dirección,
_c1993
300 _ac.a. 50 h.
501 _aEnc. con otros impresos similares
590 _aBATCH-UPD
_b10
_c20130110
_lUCH01
_h0153
590 _aBATCH-UPD
_b10
_c20130110
_lUCH01
_h1329
590 _aBATCH-UPD
_b10
_c20130409
_lUCH01
_h2154
590 _aBATCH-UPD
_b10
_c20130410
_lUCH01
_h0835
590 _aBATCH-UPD
_b10
_c20130913
_lUCH01
_h2325
590 _aCONVERSION
_b10
_c20130109
_lUCH01
_h1340
650 1 4 _aAjo
_xCostos de producción.
_93176
650 1 4 _aAjo
_xEnfermedades.
_93184
650 1 4 _aAjo
_xExportacion.
_93189
650 1 4 _aAjo
_xImportación.
_93195
650 1 4 _aAjo
_xMercadeo.
_93200
650 1 4 _aAjo
_xNormas de calidad.
_93203
650 1 4 _aAjo
_xPlagas.
_93206
650 1 4 _aAjo
_xRendimiento.
_93210
901 _aBK
942 _cLIBRO
949 _a633. M39 v.1-7
_bBC
_cC
_d-1530018
_eC
_h85083
_i83856
_si
999 _c73325
_d73325